Central Library OPAC University of Rajshahi

বাঙালীর রাষ্ট্রচিন্তা : (Record no. 44975)

MARC details
000 -LEADER
fixed length control field 01036nam a2200241 a 4500
001 - CONTROL NUMBER
control field 44975
003 - CONTROL NUMBER IDENTIFIER
rucl marc code BD-RjUL
005 - DATE AND TIME OF LATEST TRANSACTION
control field 20211209053938.0
008 - FIXED-LENGTH DATA ELEMENTS--GENERAL INFORMATION
fixed length control field 160721s1968 ii ||||| |||| 001 0 ben d
035 ## - SYSTEM CONTROL NUMBER
System control number (BD-RjUL)45093
040 ## - CATALOGING SOURCE
Original cataloging agency BD-RjUL
Language of cataloging ben
Transcribing agency BD-RjUL
041 ## - LANGUAGE CODE
Language code of text/sound track or separate title ben
Language code of text/sound track or separate title eng
082 ## - DEWEY DECIMAL CLASSIFICATION NUMBER
Edition number 23
Classification number 320.01
Author mark and year GAB 1968
100 1# - MAIN ENTRY--PERSONAL NAME
Personal name গঙ্গোপাধ্যায়, সৌরেন্দ্রমোহন
9 (RLIN) 137834
245 10 - TITLE STATEMENT
Title বাঙালীর রাষ্ট্রচিন্তা :
Remainder of title রামমোহন থেকে মানবেন্দ্রনাথ /
Statement of responsibility, etc. সৌরেন্দ্রমোহন গঙ্গোপাধ্যায়
260 ## - PUBLICATION, DISTRIBUTION, ETC. (IMPRINT)
Place of publication, distribution, etc. কলকাতা :
Name of publisher, distributor, etc. সুবর্ণরেখা,
Date of publication, distribution, etc. ১৯৬৮
300 ## - PHYSICAL DESCRIPTION
Pagination ৪৯৯ পৃ. ;
Size ২১ সেমি.
500 ## - GENERAL NOTE
General note নির্ঘণ্ট সংযুক্ত
650 ## - SUBJECT ADDED ENTRY--TOPICAL TERM
Topical term or geographic name as entry element রাষ্ট্রবিজ্ঞান
General subdivision ইতিহাস
9 (RLIN) 137824
Topical term or geographic name as entry element Political science
General subdivision History
9 (RLIN) 137835
942 ## - ADDED ENTRY ELEMENTS (KOHA)
Source of classification or shelving scheme Dewey Decimal Classification
Koha item type Books
Holdings
Lost status Source of classification or shelving scheme Damaged status Not for loan Collection code Permanent Location Current Location Shelving location Date acquired Source of acquisition Cost, normal purchase price Total Checkouts Full call number Date last seen Date checked out Copy number Koha item type
  Dewey Decimal Classification     Non-fiction Central Library, University of Rajshahi Central Library, University of Rajshahi   17/11/1978 India Int. 25.00 1 B 320.01 GAB 1968 27/09/2018 04/09/2018 C-2 Books